000 00934nam a22002537a 4500
999 _c9574
_d9574
003 AR-CdUCM
008 190328b ||||| |||| 00| 0 spa d
040 _aMUNICIPALIDAD PROVINCIAL DEL CUSCO
_cBIBLIOTECA MUNICIPAL DEL CUSCO
082 _a869.5018 /
_bG92 / 1961
100 _aGuizado, Carmen
_925863
245 _aArcilla /
260 _aLima :
_bTaller de artes gráficos Ícaro,
_c1961.
300 _a[s.n] ;
_c14 cm.
440 _aCuadernos del hontanar
_n : 7
_925864
500 _aDonación de la familia Nieto. Impreso a mano en papel hammermil bond de 75 gramos cons caracteres post-medievales.
650 _aPoesía peruana - Siglo XX
_914083
650 _aPoetas peruanos
_91611
650 _aPoetisas contemporáneas
_925865
650 _aCarmen Guizado - Poemas
_925866
700 _aRatto Chueca, Luis Alberto
_925867
700 _aSologuren, Javier (Directores)
_925868
942 _2ddc
_cLIBROS
945 _alccs